[Event "Campeonato España Sub 18"]
[Site "Salobreña"]
[Date "2017.08.03"]
[Round "6"]
[White "Santos Ruiz, Miguel"]
[Black "Lopez Mulet, Inigo"]
[Result "1-0"]
[Board "1"]
[WhiteClock "n/a"]
[WhiteTitle "IM"]
[WhiteElo "2469"]
[WhiteCountry "ESP"]
[WhiteFideId "22291482"]
[WhiteEloChange "3"]
[BlackClock "n/a"]
[BlackTitle "FM"]
[BlackElo "2327"]
[BlackCountry "ESP"]
[BlackFideId "22235620"]
[BlackEloChange "-6"]

1. e4 {[%clk 1:30:30]} e6 {[%clk 1:30:30]} 2. d4 {[%clk 1:30:30]} d5 {[%clk
1:30:30]} 3. Nc3 {[%clk 1:30:30]} Nf6 {[%clk 1:30:30]} 4. e5 {[%clk 1:30:30]}
Nfd7 {[%clk 1:30:30]} 5. f4 {[%clk 1:30:30]} c5 {[%clk 1:30:30]} 6. Nf3 {[%clk
1:30:30]} Nc6 {[%clk 1:30:30]} 7. Be3 {[%clk 1:30:30]} Be7 {[%clk 1:30:30]} 8.
Qd2 {[%clk 1:30:30]} O-O {[%clk 1:30:30]} 9. h4 {[%clk 1:30:30]} b6 {[%clk
1:30:30]} 10. Bd3 {[%clk 1:30:30]} f5 {[%clk 1:30:30]} 11. g4 {[%clk 1:30:30]}
cxd4 {[%clk 1:30:30]} 12. Bxd4 {[%clk 1:30:30]} Nc5 {[%clk 1:30:30]} 13. Bxc5
{[%clk 1:30:30]} bxc5 {[%clk 1:30:30]} 14. gxf5 {[%clk 1:30:30]} c4 {[%clk
1:30:30]} 15. f6 {[%clk 1:30:30]} cxd3 {[%clk 1:30:30]} 16. fxe7 {[%clk 1:30:30]}
Nxe7 {[%clk 1:30:30]} 17. Qxd3 {[%clk 1:30:30]} Rxf4 {[%clk 1:30:30]} 18. O-O-O
{[%clk 1:30:30]} Qb6 {[%clk 1:30:30]} 19. Nd4 {[%clk 1:30:30]} Ba6 {[%clk
1:30:30]} 20. Qh3 {[%clk 1:30:30]} Rxd4 {[%clk 1:30:30]} 21. Rxd4 {[%clk
1:30:30]} Qxd4 {[%clk 1:30:30]} 22. Qxe6+ {[%clk 1:30:30]} Kh8 {[%clk 1:30:30]}
23. Qxe7 {[%clk 1:30:30]} Qe3+ {[%clk 1:30:30]} 24. Kb1 {[%clk 1:30:30]} d4
{[%clk 1:30:30]} 25. Nd5 {[%clk 1:30:30]} Qf2 {[%clk 1:30:30]} 26. Rc1 {[%clk
1:30:30]} Bc4 {[%clk 1:30:30]} 27. Nc7 {[%clk 1:30:30]} Rg8 {[%clk 1:30:30]} 28.
e6 {[%clk 1:30:30]} d3 {[%clk 1:30:30]} 29. cxd3 {[%clk 1:30:30]} Rb8 {[%clk
1:30:30]} 30. Qa3 {[%clk 1:30:30]} Bxd3+ {[%clk 1:30:30]} 31. Ka1 {[%clk
1:30:30]} Bg6 {[%clk 1:30:30]} 32. e7 {[%clk 1:30:30]} h6 {[%clk 1:30:30]} 33.
Qc3 {[%clk 1:30:30]} Qxh4 {[%clk 1:30:30]} 34. Qe5 {[%clk 1:30:30]} Qa4 {[%clk
1:30:30]} 35. Rg1 {[%clk 1:30:30]} Rg8 {[%clk 1:30:30]} 36. Rh1 {[%clk 1:30:30]}
Kh7 {[%clk 1:30:30]} 37. Ne6 {[%clk 1:30:30]} Bf7 {[%clk 1:30:30]} 38. Ng5+
{[%clk 1:30:30]} Kg6 {[%clk 1:30:30]} 39. Nxf7 {[%clk 1:30:30]} Kxf7 {[%clk
1:30:30]} 40. Rf1+ {[%clk 1:30:30]} Ke8 {[%clk 1:30:30]} 41. Qd6 {[%clk 1:30:30]}
1-0

[Event "Campeonato España Sub 18"]
[Site "Salobreña"]
[Date "2017.08.03"]
[Round "6"]
[White "Domingo Nunez, Alejandro"]
[Black "Perez Garcia, Alejandro"]
[Result "1/2-1/2"]
[Board "2"]
[WhiteClock "1:30"]
[WhiteTitle "FM"]
[WhiteElo "2287"]
[WhiteCountry "ESP"]
[WhiteFideId "22245561"]
[WhiteEloChange "2"]
[BlackClock "1:30"]
[BlackTitle "IM"]
[BlackElo "2358"]
[BlackCountry "ESP"]
[BlackFideId "32041543"]
[BlackEloChange "-2"]

1. e4 {[%clk 1:30:00]} e5 {[%clk 1:30:00]} 2. Nf3 {[%clk 1:31:00]} Nc6 {[%clk
1:30:00]} 3. Bc4 {[%clk 1:31:00]} Bc5 {[%clk 1:31:00]} 4. c3 {[%clk 1:31:00]} Nf6
{[%clk 1:31:00]} 5. d3 {[%clk 1:32:00]} a6 {[%clk 1:31:00]} 6. O-O {[%clk
1:32:00]} Ba7 {[%clk 1:31:00]} 7. Re1 {[%clk 1:31:00]} O-O {[%clk 1:30:00]} 8. h3
{[%clk 1:31:00]} d6 {[%clk 1:30:00]} 9. a4 {[%clk 1:31:00]} Be6 {[%clk 1:26:00]}
10. Nbd2 {[%clk 1:30:00]} Qd7 {[%clk 1:23:00]} 11. Nf1 {[%clk 1:26:00]} Bxc4
{[%clk 1:16:00]} 12. dxc4 {[%clk 1:27:00]} h6 {[%clk 1:13:00]} 13. a5 {[%clk
1:21:00]} Qe6 {[%clk 1:05:00]} 14. b3 {[%clk 1:22:00]} Ne7 {[%clk 1:01:00]} 15.
Ng3 {[%clk 1:14:00]} Nd7 {[%clk 0:51:00]} 16. Nh4 {[%clk 1:08:00]} Kh7 {[%clk
0:42:00]} 17. Nhf5 {[%clk 0:59:00]} Ng8 {[%clk 0:40:00]} 18. Ne3 {[%clk 0:31:00]}
Bxe3 {[%clk 0:38:00]} 19. Bxe3 {[%clk 0:32:00]} Ne7 {[%clk 0:37:00]} 20. Qg4
{[%clk 0:28:00]} Qxg4 {[%clk 0:23:00]} 21. hxg4 {[%clk 0:29:00]} g6 {[%clk
0:24:00]} 22. f3 {[%clk 0:27:00]} f5 {[%clk 0:24:00]} 23. gxf5 {[%clk 0:27:00]}
gxf5 {[%clk 0:24:00]} 24. Nxf5 {[%clk 0:27:00]} Nxf5 {[%clk 0:24:00]} 25. exf5
{[%clk 0:27:00]} Rxf5 {[%clk 0:25:00]} 26. Kf2 {[%clk 0:28:00]} Rg8 {[%clk
0:18:12]} 27. Rh1 {[%clk 0:21:00]} h5 {[%clk 0:18:20]} 28. Rh4 {[%clk 0:20:00]}
Nf6 {[%clk 0:18:12]} 29. Rah1 {[%clk 0:18:21]} Ng4+ {[%clk 0:15:53]} 30. Ke2
{[%clk 0:18:33]} Nxe3 {[%clk 0:15:55]} 31. Kxe3 {[%clk 0:19:00]} Rxg2 {[%clk
0:16:05]} 32. Rxh5+ {[%clk 0:19:00]} 1/2-1/2

[Event "Campeonato España Sub 18"]
[Site "Salobreña"]
[Date "2017.08.03"]
[Round "6"]
[White "Portela Peleteiro, Alberto"]
[Black "Rottenwohrer Suarez, Juan"]
[Result "1-0"]
[Board "3"]
[WhiteClock "1:30"]
[WhiteTitle "FM"]
[WhiteElo "2398"]
[WhiteCountry "ESP"]
[WhiteFideId "22276106"]
[WhiteEloChange "5"]
[BlackClock "1:30"]
[BlackTitle "CM"]
[BlackElo "2214"]
[BlackCountry "ESP"]
[BlackFideId "32068182"]
[BlackEloChange "-5"]

1. e4 {[%clk 1:30:00]} c5 {[%clk 1:30:00]} 2. Nf3 {[%clk 1:31:00]} g6 {[%clk
1:30:00]} 3. c3 {[%clk 1:31:00]} Bg7 {[%clk 1:31:00]} 4. d4 {[%clk 1:32:00]} cxd4
{[%clk 1:31:00]} 5. cxd4 {[%clk 1:32:00]} d5 {[%clk 1:31:00]} 6. e5 {[%clk
1:33:00]} Nc6 {[%clk 1:22:00]} 7. Bb5 {[%clk 1:33:00]} Nh6 {[%clk 1:22:00]} 8.
O-O {[%clk 1:33:00]} O-O {[%clk 1:22:00]} 9. Bxc6 {[%clk 1:33:00]} bxc6 {[%clk
1:22:00]} 10. Nbd2 {[%clk 1:33:00]} f6 {[%clk 1:11:00]} 11. Re1 {[%clk 1:30:00]}
fxe5 {[%clk 1:01:00]} 12. Nxe5 {[%clk 1:28:00]} Bxe5 {[%clk 0:59:00]} 13. dxe5
{[%clk 1:25:00]} Qb6 {[%clk 0:48:00]} 14. Nf3 {[%clk 1:24:00]} Nf5 {[%clk
0:48:00]} 15. a4 {[%clk 1:06:00]} Nh4 {[%clk 0:41:00]} 16. Nd4 {[%clk 0:50:00]}
Bh3 {[%clk 0:34:00]} 17. a5 {[%clk 0:38:00]} Qc5 {[%clk 0:34:00]} 18. Ra3 {[%clk
0:38:00]} Nxg2 {[%clk 0:21:00]} 19. Rxh3 {[%clk 0:36:00]} Nxe1 {[%clk 0:21:00]}
20. Be3 {[%clk 0:37:00]} Qxa5 {[%clk 0:17:37]} 21. Nxc6 {[%clk 0:30:00]} Qc7
{[%clk 0:17:19]} 22. Qxd5+ {[%clk 0:24:00]} Kh8 {[%clk 0:15:54]} 23. e6 {[%clk
0:20:00]} Rad8 {[%clk 0:06:04]} 24. Nxd8 {[%clk 0:18:59]} Rxd8 {[%clk 0:06:23]}
25. Qe4 {[%clk 0:17:58]} Qc2 {[%clk 0:03:14]} 26. Qe5+ {[%clk 0:17:02]} Kg8
{[%clk 0:03:31]} 27. Bh6 {[%clk 0:16:59]} Qxf2+ {[%clk 0:00:40]} 28. Kxf2 {[%clk
0:17:24]} Nd3+ {[%clk 0:01:06]} 29. Rxd3 {[%clk 0:17:24]} 1-0

[Event "Campeonato España Sub 18"]
[Site "Salobreña"]
[Date "2017.08.03"]
[Round "6"]
[White "Castillo Dalmau, Albert"]
[Black "Povill Claros, Xavier"]
[Result "1/2-1/2"]
[Board "4"]
[WhiteClock "1:26"]
[WhiteElo "2258"]
[WhiteCountry "ESP"]
[WhiteFideId "32009925"]
[WhiteEloChange "2"]
[BlackClock "1:30"]
[BlackTitle "FM"]
[BlackElo "2337"]
[BlackCountry "ESP"]
[BlackFideId "32040512"]
[BlackEloChange "-2"]

1. Nf3 {[%clk 1:27:00]} e6 {[%clk 1:30:00]} 2. c4 {[%clk 1:27:00]} b6 {[%clk
1:31:00]} 3. g3 {[%clk 1:27:00]} Bb7 {[%clk 1:31:00]} 4. Bg2 {[%clk 1:27:00]} f5
{[%clk 1:28:00]} 5. O-O {[%clk 1:26:00]} Nf6 {[%clk 1:28:00]} 6. Nc3 {[%clk
1:26:00]} Be7 {[%clk 1:27:00]} 7. b3 {[%clk 1:22:00]} O-O {[%clk 1:27:00]} 8. Bb2
{[%clk 1:22:00]} d6 {[%clk 1:17:00]} 9. d4 {[%clk 1:17:00]} Bxf3 {[%clk 1:14:00]}
10. exf3 {[%clk 0:58:00]} d5 {[%clk 1:13:00]} 11. Re1 {[%clk 0:58:00]} Qd7 {[%clk
1:10:00]} 12. Qd2 {[%clk 0:50:00]} c6 {[%clk 1:06:00]} 13. Ne2 {[%clk 0:47:00]}
Bd6 {[%clk 0:47:00]} 14. Nf4 {[%clk 0:46:00]} Re8 {[%clk 0:44:00]} 15. Nd3 {[%clk
0:45:00]} Qb7 {[%clk 0:41:00]} 16. c5 {[%clk 0:39:00]} Bf8 {[%clk 0:40:00]} 17.
b4 {[%clk 0:38:00]} Na6 {[%clk 0:37:00]} 18. a4 {[%clk 0:35:00]} Nc7 {[%clk
0:34:00]} 19. cxb6 {[%clk 0:23:00]} axb6 {[%clk 0:33:00]} 20. Bc3 {[%clk
0:21:00]} Bd6 {[%clk 0:30:00]} 21. Ra2 {[%clk 0:20:00]} Nd7 {[%clk 0:30:00]} 22.
f4 {[%clk 0:18:57]} Kf7 {[%clk 0:26:00]} 23. Rea1 {[%clk 0:17:59]} Ra7 {[%clk
0:25:00]} 24. Bf1 {[%clk 0:17:22]} Rea8 {[%clk 0:23:00]} 25. Qc2 {[%clk 0:12:08]}
Rc8 {[%clk 0:19:26]} 26. a5 {[%clk 0:08:54]} b5 {[%clk 0:18:11]} 27. Re1 {[%clk
0:05:55]} Re8 {[%clk 0:16:37]} 28. Nc5 {[%clk 0:04:34]} Nxc5 {[%clk 0:15:32]} 29.
dxc5 {[%clk 0:04:21]} Be7 {[%clk 0:15:27]} 30. Be5 {[%clk 0:02:52]} Bf6 {[%clk
0:10:38]} 31. Qc3 {[%clk 0:02:18]} Bxe5 {[%clk 0:09:55]} 32. Rxe5 {[%clk
0:01:44]} Re7 {[%clk 0:09:53]} 33. Rae2 {[%clk 0:01:57]} Ne8 {[%clk 0:10:08]} 34.
Bh3 {[%clk 0:01:45]} g6 {[%clk 0:06:03]} 35. Qd4 {[%clk 0:00:46]} Nf6 {[%clk
0:05:50]} 36. f3 {[%clk 0:01:14]} h5 {[%clk 0:06:11]} 37. Bg2 {[%clk 0:00:52]}
Qc8 {[%clk 0:05:22]} 38. h4 {[%clk 0:01:01]} Qg8 {[%clk 0:05:26]} 39. Kf2 {[%clk
0:01:10]} Qg7 {[%clk 0:05:33]} 40. Qe3 {[%clk 0:00:31]} d4 {[%clk 0:05:12]} 41.
Qb3 {[%clk 0:00:51]} Rad7 {[%clk 0:01:57]} 42. Rxe6 {[%clk 0:00:53]} Nd5 {[%clk
0:02:22]} 43. Rxe7+ {[%clk 0:01:04]} Rxe7 {[%clk 0:02:46]} 44. Rxe7+ {[%clk
0:01:33]} Kxe7 {[%clk 0:03:13]} 45. Bf1 {[%clk 0:01:47]} d3 {[%clk 0:02:29]} 46.
Qxd3 {[%clk 0:01:26]} Qb2+ {[%clk 0:02:53]} 47. Qe2+ {[%clk 0:01:24]} Qxe2+
{[%clk 0:03:18]} 48. Bxe2 {[%clk 0:01:29]} Nxb4 {[%clk 0:03:42]} 49. Ke3 {[%clk
0:01:50]} Ke6 {[%clk 0:03:22]} 50. Kd4 {[%clk 0:02:05]} Na6 {[%clk 0:03:17]} 51.
Bd1 {[%clk 0:02:27]} Nc7 {[%clk 0:03:28]} 52. Bb3+ {[%clk 0:02:48]} Kf6 {[%clk
0:03:53]} 53. Ba2 {[%clk 0:03:00]} Na6 {[%clk 0:04:05]} 54. Bb3 {[%clk 0:03:26]}
Nc7 {[%clk 0:04:24]} 55. Ba2 {[%clk 0:02:50]} Na6 {[%clk 0:04:20]} 56. Bg8 {[%clk
0:02:30]} Nc7 {[%clk 0:04:13]} 57. Bb3 {[%clk 0:02:48]} Na6 {[%clk 0:03:52]} 58.
Bd1 {[%clk 0:02:57]} Nc7 {[%clk 0:04:03]} 59. Bb3 {[%clk 0:02:57]} 1/2-1/2

[Event "Campeonato España Sub 18"]
[Site "Salobreña"]
[Date "2017.08.03"]
[Round "6"]
[White "Plazuelo Pascual, Juan"]
[Black "Porta Tovar, Guillem"]
[Result "0-1"]
[Board "5"]
[WhiteClock "1:30"]
[WhiteTitle "FM"]
[WhiteElo "2334"]
[WhiteCountry "ESP"]
[WhiteFideId "32059566"]
[WhiteEloChange "-14"]
[BlackClock "1:30"]
[BlackElo "2202"]
[BlackCountry "ESP"]
[BlackFideId "32008341"]
[BlackEloChange "14"]

1. d4 {[%clk 1:30:00]} e6 {[%clk 1:30:00]} 2. Nf3 {[%clk 1:30:00]} f5 {[%clk
1:30:00]} 3. g3 {[%clk 1:30:00]} Nf6 {[%clk 1:31:00]} 4. Bg2 {[%clk 1:30:00]} Be7
{[%clk 1:31:00]} 5. O-O {[%clk 1:30:00]} O-O {[%clk 1:31:00]} 6. c4 {[%clk
1:31:00]} d6 {[%clk 1:26:00]} 7. Nc3 {[%clk 1:31:00]} Ne4 {[%clk 1:26:00]} 8.
Nxe4 {[%clk 1:30:00]} fxe4 {[%clk 1:27:00]} 9. Ne1 {[%clk 1:20:00]} d5 {[%clk
1:22:00]} 10. f3 {[%clk 1:20:00]} dxc4 {[%clk 1:17:00]} 11. fxe4 {[%clk 1:19:00]}
Rxf1+ {[%clk 1:18:00]} 12. Kxf1 {[%clk 1:19:00]} Nc6 {[%clk 1:15:00]} 13. Be3
{[%clk 1:15:00]} Bd7 {[%clk 1:09:00]} 14. Nf3 {[%clk 1:12:00]} b5 {[%clk
1:05:00]} 15. Kg1 {[%clk 1:02:00]} Bf6 {[%clk 0:55:00]} 16. Rc1 {[%clk 1:01:00]}
Be8 {[%clk 0:49:00]} 17. e5 {[%clk 0:55:00]} Be7 {[%clk 0:50:00]} 18. Bf2 {[%clk
0:55:00]} Qd7 {[%clk 0:44:00]} 19. Qd2 {[%clk 0:49:00]} Bg6 {[%clk 0:39:00]} 20.
Qe3 {[%clk 0:47:00]} Rd8 {[%clk 0:36:00]} 21. h4 {[%clk 0:38:00]} h6 {[%clk
0:34:00]} 22. Bh3 {[%clk 0:37:00]} Nb4 {[%clk 0:31:00]} 23. a3 {[%clk 0:36:00]}
Nd5 {[%clk 0:31:00]} 24. Qd2 {[%clk 0:36:00]} Rf8 {[%clk 0:31:00]} 25. Bg2 {[%clk
0:36:00]} Bd8 {[%clk 0:28:00]} 26. Nh2 {[%clk 0:33:00]} Ne7 {[%clk 0:15:51]} 27.
e4 {[%clk 0:33:00]} c5 {[%clk 0:16:09]} 28. d5 {[%clk 0:31:00]} exd5 {[%clk
0:15:54]} 29. exd5 {[%clk 0:30:00]} Bd3 {[%clk 0:16:22]} 30. Bxc5 {[%clk
0:21:00]} Nxd5 {[%clk 0:15:07]} 31. Re1 {[%clk 0:18:35]} Re8 {[%clk 0:12:00]} 32.
Nf3 {[%clk 0:16:06]} Qg4 {[%clk 0:10:41]} 33. Kh2 {[%clk 0:15:22]} Bc7 {[%clk
0:09:16]} 34. Bd6 {[%clk 0:12:45]} Bb6 {[%clk 0:09:09]} 35. e6 {[%clk 0:12:55]}
Rxe6 {[%clk 0:08:29]} 36. Ne5 {[%clk 0:10:02]} Rxe5 {[%clk 0:04:51]} 37. Bxe5
{[%clk 0:10:15]} Ne7 {[%clk 0:03:56]} 38. Qf4 {[%clk 0:08:58]} Qxf4 {[%clk
0:03:48]} 39. Bxf4 {[%clk 0:09:26]} Kf7 {[%clk 0:03:46]} 40. Bf1 {[%clk 0:08:30]}
Bc2 {[%clk 0:03:22]} 41. Bg2 {[%clk 0:06:41]} a5 {[%clk 0:02:32]} 42. Re5 {[%clk
0:06:32]} Ba4 {[%clk 0:02:58]} 43. Re2 {[%clk 0:05:14]} Bd8 {[%clk 0:00:31]} 44.
Bd6 {[%clk 0:05:16]} Nf5 {[%clk 0:00:35]} 45. Bd5+ {[%clk 0:05:31]} Kg6 {[%clk
0:01:02]} 46. Be4 {[%clk 0:05:15]} Kf6 {[%clk 0:01:11]} 47. Bc5 {[%clk 0:04:37]}
Bc7 {[%clk 0:00:55]} 48. Bxf5 {[%clk 0:03:35]} Kxf5 {[%clk 0:01:18]} 49. Bd4
{[%clk 0:04:02]} g5 {[%clk 0:01:05]} 50. hxg5 {[%clk 0:04:28]} hxg5 {[%clk
0:01:36]} 51. Re7 {[%clk 0:04:48]} Bd6 {[%clk 0:01:51]} 52. Rd7 {[%clk 0:04:43]}
Bb8 {[%clk 0:01:52]} 53. Rb7 {[%clk 0:04:32]} Bd6 {[%clk 0:01:52]} 54. Rd7 {[%clk
0:04:41]} Bb8 {[%clk 0:02:20]} 55. Rb7 {[%clk 0:01:55]} Bd6 {[%clk 0:02:49]} 56.
Rb6 {[%clk 0:01:49]} Be5 {[%clk 0:01:22]} 57. Bxe5 {[%clk 0:01:01]} Kxe5 {[%clk
0:01:51]} 58. Kg2 {[%clk 0:01:07]} Kd4 {[%clk 0:02:00]} 59. Rd6+ {[%clk 0:01:33]}
Ke3 {[%clk 0:02:21]} 60. Rd5 {[%clk 0:01:15]} g4 {[%clk 0:02:22]} 61. Kg1 {[%clk
0:00:51]} Ke4 {[%clk 0:02:17]} 62. Rd8 {[%clk 0:00:45]} Kf3 {[%clk 0:02:18]} 63.
Kh2 {[%clk 0:00:45]} b4 {[%clk 0:02:18]} 64. axb4 {[%clk 0:00:45]} axb4 {[%clk
0:02:18]} 65. Rc8 {[%clk 0:00:45]} Bb3 {[%clk 0:02:18]} 66. Rb8 {[%clk 0:00:45]}
Ke2 {[%clk 0:02:18]} 67. Rxb4 {[%clk 0:00:45]} Kd2 {[%clk 0:02:18]} 68. Rb8
{[%clk 0:00:45]} Kc1 {[%clk 0:02:18]} 69. Kg2 {[%clk 0:00:45]} Kxb2 {[%clk
0:02:18]} 70. Kf2 {[%clk 0:00:45]} c3 {[%clk 0:02:18]} 71. Ke3 {[%clk 0:00:45]}
c2 {[%clk 0:02:18]} 72. Rc8 {[%clk 0:00:45]} c1Q+ {[%clk 0:02:18]} 73. Rxc1
{[%clk 0:00:45]} Kxc1 {[%clk 0:02:18]} 74. Kf4 {[%clk 0:00:45]} Be6 {[%clk
0:02:18]} 0-1

[Event "Campeonato España Sub 18"]
[Site "Salobreña"]
[Date "2017.08.03"]
[Round "6"]
[White "Garcia Sobrino, David"]
[Black "Bayo Milagro, Alvaro"]
[Result "0-1"]
[Board "6"]
[WhiteClock "n/a"]
[WhiteTitle "FM"]
[WhiteElo "2223"]
[WhiteCountry "ESP"]
[WhiteFideId "32028407"]
[WhiteEloChange "-8"]
[BlackClock "n/a"]
[BlackTitle "FM"]
[BlackElo "2288"]
[BlackCountry "ESP"]
[BlackFideId "22275240"]
[BlackEloChange "8"]

1. e4 {[%clk 1:30:30]} e6 {[%clk 1:30:30]} 2. d4 {[%clk 1:30:30]} d5 {[%clk
1:30:30]} 3. Nd2 {[%clk 1:30:30]} Nc6 {[%clk 1:30:30]} 4. Ngf3 {[%clk 1:30:30]}
Nf6 {[%clk 1:30:30]} 5. e5 {[%clk 1:30:30]} Nd7 {[%clk 1:30:30]} 6. Nb3 {[%clk
1:30:30]} a5 {[%clk 1:30:30]} 7. a4 {[%clk 1:30:30]} Be7 {[%clk 1:30:30]} 8. Bb5
{[%clk 1:30:30]} Na7 {[%clk 1:30:30]} 9. Bd3 {[%clk 1:30:30]} b6 {[%clk 1:30:30]}
10. O-O {[%clk 1:30:30]} c5 {[%clk 1:30:30]} 11. c4 {[%clk 1:30:30]} Bb7 {[%clk
1:30:30]} 12. Be3 {[%clk 1:30:30]} Rc8 {[%clk 1:30:30]} 13. Nfd2 {[%clk 1:30:30]}
cxd4 {[%clk 1:30:30]} 14. Bxd4 {[%clk 1:30:30]} Nc5 {[%clk 1:30:30]} 15. Bxc5
{[%clk 1:30:30]} Bxc5 {[%clk 1:30:30]} 16. Nxc5 {[%clk 1:30:30]} Rxc5 {[%clk
1:30:30]} 17. Nb3 {[%clk 1:30:30]} Rc8 {[%clk 1:30:30]} 18. Qe2 {[%clk 1:30:30]}
O-O {[%clk 1:30:30]} 19. Rac1 {[%clk 1:30:30]} Qe7 {[%clk 1:30:30]} 20. Rc3
{[%clk 1:30:30]} dxc4 {[%clk 1:30:30]} 21. Bxc4 {[%clk 1:30:30]} Qb4 {[%clk
1:30:30]} 22. Nd2 {[%clk 1:30:30]} Qxb2 {[%clk 1:30:30]} 23. Rg3 {[%clk 1:30:30]}
Rxc4 {[%clk 1:30:30]} 24. Qxc4 {[%clk 1:30:30]} Qxd2 {[%clk 1:30:30]} 25. Qh4
{[%clk 1:30:30]} Ba6 {[%clk 1:30:30]} 26. f4 {[%clk 1:30:30]} Bd3 {[%clk
1:30:30]} 27. Qg4 {[%clk 1:30:30]} Bg6 {[%clk 1:30:30]} 28. h4 {[%clk 1:30:30]}
h5 {[%clk 1:30:30]} 29. Qf3 {[%clk 1:30:30]} Qd4+ {[%clk 1:30:30]} 30. Kh2 {[%clk
1:30:30]} Qxa4 {[%clk 1:30:30]} 31. Qb7 {[%clk 1:30:30]} Qc4 {[%clk 1:30:30]} 32.
Rd1 {[%clk 1:30:30]} Nc8 {[%clk 1:30:30]} 33. Rf3 {[%clk 1:30:30]} Be4 {[%clk
1:30:30]} 0-1

[Event "Campeonato España Sub 18"]
[Site "Salobreña"]
[Date "2017.08.03"]
[Round "6"]
[White "Laiz Ibanez, Hector"]
[Black "Orteu Capdevila, Max"]
[Result "1-0"]
[Board "7"]
[WhiteClock "1:30"]
[WhiteTitle "FM"]
[WhiteElo "2269"]
[WhiteCountry "ESP"]
[WhiteFideId "2216710"]
[WhiteEloChange "7"]
[BlackClock "1:30"]
[BlackElo "2161"]
[BlackCountry "ESP"]
[BlackFideId "32075359"]
[BlackEloChange "-7"]

1. e4 {[%clk 1:30:00]} c5 {[%clk 1:27:00]} 2. Nf3 {[%clk 1:31:00]} d6 {[%clk
1:27:00]} 3. d4 {[%clk 1:31:00]} cxd4 {[%clk 1:28:00]} 4. Nxd4 {[%clk 1:32:00]}
Nf6 {[%clk 1:28:00]} 5. Nc3 {[%clk 1:32:00]} a6 {[%clk 1:29:00]} 6. Be3 {[%clk
1:32:00]} e6 {[%clk 1:29:00]} 7. Be2 {[%clk 1:33:00]} Qc7 {[%clk 1:29:00]} 8. Qd2
{[%clk 1:32:00]} b5 {[%clk 1:29:00]} 9. f3 {[%clk 1:31:00]} Nbd7 {[%clk 1:26:00]}
10. a3 {[%clk 1:28:00]} Be7 {[%clk 1:23:00]} 11. O-O-O {[%clk 1:28:00]} Rb8
{[%clk 1:13:00]} 12. g4 {[%clk 1:19:00]} Ne5 {[%clk 0:56:00]} 13. Kb1 {[%clk
1:15:00]} Nc4 {[%clk 0:51:00]} 14. Bxc4 {[%clk 1:16:00]} bxc4 {[%clk 0:52:00]}
15. Ka1 {[%clk 1:14:00]} O-O {[%clk 0:38:00]} 16. g5 {[%clk 1:12:00]} Nd7 {[%clk
0:34:00]} 17. h4 {[%clk 1:08:00]} Nc5 {[%clk 0:26:00]} 18. h5 {[%clk 1:06:00]}
Bd7 {[%clk 0:26:00]} 19. Nde2 {[%clk 0:45:00]} Rb6 {[%clk 0:23:00]} 20. Rb1
{[%clk 0:37:00]} Rfb8 {[%clk 0:21:00]} 21. h6 {[%clk 0:35:00]} g6 {[%clk
0:20:00]} 22. Qd4 {[%clk 0:34:00]} e5 {[%clk 0:18:27]} 23. Qd2 {[%clk 0:27:00]}
Bc6 {[%clk 0:18:47]} 24. Nd5 {[%clk 0:22:00]} Bxd5 {[%clk 0:19:11]} 25. Qxd5
{[%clk 0:22:00]} Rc6 {[%clk 0:18:38]} 26. Nc3 {[%clk 0:21:00]} Ne6 {[%clk
0:15:34]} 27. Qd2 {[%clk 0:21:00]} Qd8 {[%clk 0:14:42]} 28. Rhg1 {[%clk 0:21:00]}
Nc7 {[%clk 0:11:26]} 29. f4 {[%clk 0:20:00]} Nb5 {[%clk 0:06:31]} 30. Qd5 {[%clk
0:15:53]} Nxc3 {[%clk 0:05:56]} 31. bxc3 {[%clk 0:16:20]} Rcc8 {[%clk 0:03:43]}
32. fxe5 {[%clk 0:15:03]} Rxb1+ {[%clk 0:02:59]} 33. Rxb1 {[%clk 0:12:24]} Bxg5
{[%clk 0:01:14]} 34. Rf1 {[%clk 0:12:46]} Rc7 {[%clk 0:01:20]} 35. Bb6 {[%clk
0:12:15]} dxe5 {[%clk 0:01:33]} 36. Qxe5 {[%clk 0:12:15]} 1-0

[Event "Campeonato España Sub 18"]
[Site "Salobreña"]
[Date "2017.08.03"]
[Round "6"]
[White "Alfaya Marcelo, Roberto"]
[Black "Ortega Lopez, Mikel"]
[Result "1-0"]
[Board "8"]
[WhiteClock "1:30"]
[WhiteElo "2132"]
[WhiteCountry "ESP"]
[WhiteFideId "32026935"]
[WhiteEloChange "14"]
[BlackClock "1:30"]
[BlackTitle "FM"]
[BlackElo "2259"]
[BlackCountry "ESP"]
[BlackFideId "22252878"]
[BlackEloChange "-14"]

1. d4 {[%clk 1:30:00]} Nf6 {[%clk 1:30:00]} 2. c4 {[%clk 1:31:00]} e6 {[%clk
1:31:00]} 3. Nc3 {[%clk 1:31:00]} Bb4 {[%clk 1:31:00]} 4. Qc2 {[%clk 1:32:00]}
O-O {[%clk 1:32:00]} 5. a3 {[%clk 1:32:00]} Bxc3+ {[%clk 1:32:00]} 6. Qxc3 {[%clk
1:33:00]} b6 {[%clk 1:32:00]} 7. Bg5 {[%clk 1:33:00]} h6 {[%clk 1:32:00]} 8. Bh4
{[%clk 1:33:00]} Ba6 {[%clk 1:31:00]} 9. f3 {[%clk 1:21:00]} d5 {[%clk 1:25:00]}
10. cxd5 {[%clk 1:20:00]} exd5 {[%clk 1:26:00]} 11. e3 {[%clk 1:13:00]} Bxf1
{[%clk 1:22:00]} 12. Kxf1 {[%clk 1:13:00]} Nbd7 {[%clk 1:22:00]} 13. Ne2 {[%clk
1:11:00]} Rc8 {[%clk 1:16:00]} 14. Rd1 {[%clk 1:04:00]} Re8 {[%clk 1:10:00]} 15.
b4 {[%clk 1:01:00]} g5 {[%clk 0:58:00]} 16. Bf2 {[%clk 1:02:00]} Qe7 {[%clk
0:57:00]} 17. Ng3 {[%clk 0:56:00]} Qe6 {[%clk 0:54:00]} 18. Qd3 {[%clk 0:56:00]}
h5 {[%clk 0:37:00]} 19. h4 {[%clk 0:53:00]} g4 {[%clk 0:37:00]} 20. Ne2 {[%clk
0:51:00]} Nf8 {[%clk 0:36:00]} 21. Nf4 {[%clk 0:48:00]} Qd7 {[%clk 0:37:00]} 22.
Kg1 {[%clk 0:45:00]} Kg7 {[%clk 0:33:00]} 23. Kh2 {[%clk 0:42:00]} Ng6 {[%clk
0:31:00]} 24. Bg3 {[%clk 0:41:00]} c6 {[%clk 0:28:00]} 25. Rhe1 {[%clk 0:40:00]}
Re7 {[%clk 0:28:00]} 26. Rc1 {[%clk 0:36:00]} Rce8 {[%clk 0:23:00]} 27. Rc3
{[%clk 0:36:00]} Nxf4 {[%clk 0:20:00]} 28. Bxf4 {[%clk 0:35:00]} Nh7 {[%clk
0:20:00]} 29. Rec1 {[%clk 0:35:00]} Re6 {[%clk 0:21:00]} 30. Qf5 {[%clk 0:31:00]}
Qd8 {[%clk 0:19:22]} 31. Qxh5 {[%clk 0:29:00]} Rg6 {[%clk 0:19:35]} 32. Rxc6
{[%clk 0:25:00]} Nf6 {[%clk 0:19:41]} 33. Be5 {[%clk 0:25:00]} g3+ {[%clk
0:16:08]} 34. Kg1 {[%clk 0:25:00]} Rxe5 {[%clk 0:15:42]} 35. Qxe5 {[%clk
0:25:00]} Qh8 {[%clk 0:16:04]} 36. h5 {[%clk 0:21:00]} Qxh5 {[%clk 0:16:28]} 37.
Qxh5 {[%clk 0:21:00]} 1-0